[Event "Guernsey op 42nd"]
[Site "Vale"]
[Date "2016.10.21"]
[Round "6"]
[White "Rowe, Peter"]
[Black "Maloberti, David"]
[Result "1/2-1/2"]
[WhiteElo "1964"]
[BlackElo "2123"]
[PlyCount "97"]
[EventDate "2016.10.16"]
[EventType "swiss"]
[EventRounds "7"]
[EventCountry "GCI"]
[SourceTitle "CBM 175 Extra"]
[Source "ChessBase"]
[SourceDate "2016.12.12"]
[SourceVersion "1"]
[SourceVersionDate "2016.12.12"]
[SourceQuality "1"]

1. d4 Nf6 2. Nf3 g6 3. Bf4 Bg7 4. e3 d6 5. h3 0-0 6. Be2 Nc6 7. 0-0 Qe8 8. Bh2 e5 9. c4 e4 10. Nfd2 Nd7 11. Nc3 f5 12. c5 dxc5 13. Nd5 cxd4 14. Nxc7 Qe7 15. Bc4+ Kh8 16. Nxa8 Be5 17. Bxe5+ Qxe5 18. exd4 Qb8 19. d5 Nce5 20. Qc2 Qxa8 21. Qc3 Kg8 22. f4 Nf7 23. d6 Qb8 24. Bxf7+ Rxf7 25. Nc4 Rf8 26. Rfd1 b5 27. Ne5 Qb6+ 28. Qd4 Nxe5 29. Qxb6 axb6 30. fxe5 Bd7 31. Rac1 Kf7 32. Rc7 Ke6 33. b3 Rd8 34. Rb7 Kxe5 35. Rxb6 f4 36. a4 bxa4 37. bxa4 Bxa4 38. Ra1 Bd7 39. Rc1 g5 40. Rc5+ Kf6 41. Rb4 e3 42. Re4 Bf5 43. Ree5 Be6 44. Rxg5 Rxd6 45. Kf1 Rb6 46. Rh5 Rb1+ 47. Ke2 Rb2+ 48. Kf1 Rb1+ 49. Ke2 1/2-1/2

[Event "Guernsey op 42nd"]
[Site "Vale"]
[Date "2016.10.18"]
[Round "3"]
[White "Taylor, Mark V"]
[Black "Rowe, Peter"]
[Result "1/2-1/2"]
[WhiteElo "2031"]
[BlackElo "1964"]
[PlyCount "72"]
[EventDate "2016.10.16"]
[EventType "swiss"]
[EventRounds "7"]
[EventCountry "GCI"]
[SourceTitle "CBM 175 Extra"]
[Source "ChessBase"]
[SourceDate "2016.12.12"]
[SourceVersion "1"]
[SourceVersionDate "2016.12.12"]
[SourceQuality "1"]

1. d4 d6 2. e4 Nf6 3. Nc3 e5 4. Nf3 Nbd7 5. Bc4 Be7 6. 0-0 0-0 7. Re1 c6 8. a4 a5 9. h3 Qc7 10. b3 exd4 11. Nxd4 Nc5 12. Ba3 Rd8 13. Qe2 Nfd7 14. Qe3 Bf6 15. Rad1 Ne5 16. Bf1 b6 17. f4 Ng6 18. g3 Nb7 19. Bg2 Bd7 20. Kh2 Re8 21. Qf3 Rac8 22. Re2 Bxd4 23. Rxd4 c5 24. Nd5 Qd8 25. Rd1 Bc6 26. Red2 Ne7 27. Bb2 Bxd5 28. exd5 Nf5 29. Re2 Rxe2 30. Qxe2 Qe8 31. Qd3 Nd4 32. Rd2 Qe1 33. Bxd4 cxd4 34. Re2 Qc3 35. Qa6 Qc7 36. Qd3 Qc3 1/2-1/2

[Event "Guernsey op 42nd"]
[Site "Vale"]
[Date "2016.10.17"]
[Round "2"]
[White "Rowe, Peter"]
[Black "Murray, John Stephen"]
[Result "1-0"]
[WhiteElo "1964"]
[BlackElo "1795"]
[PlyCount "79"]
[EventDate "2016.10.16"]
[EventType "swiss"]
[EventRounds "7"]
[EventCountry "GCI"]
[SourceTitle "CBM 175 Extra"]
[Source "ChessBase"]
[SourceDate "2016.12.12"]
[SourceVersion "1"]
[SourceVersionDate "2016.12.12"]
[SourceQuality "1"]

1. d4 Nf6 2. Nf3 e6 3. Bf4 c5 4. c3 b6 5. e3 Bb7 6. Nbd2 Be7 7. h3 0-0 8. Bd3 d6 9. 0-0 Nbd7 10. Qc2 cxd4 11. exd4 Qc7 12. Rfe1 Rfd8 13. Rad1 Rac8 14. Qb1 Nf8 15. Re2 Rd7 16. Rde1 Qd8 17. Bh2 Rdc7 18. Ng5 h6 19. Ngf3 Qd7 20. c4 Qd8 21. b3 Rd7 22. Re3 N6h7 23. d5 Bg5 24. dxe6 fxe6 25. Bxh7+ Nxh7 26. Rxe6 Bxd2 27. Nxd2 Qg5 28. Ne4 Bxe4 29. Qxe4 Nf6 30. Qf3 Qd2 31. R6e2 Qd4 32. Bf4 Rf8 33. Rd2 Qc5 34. Qe3 Qf5 35. Qe6+ Qxe6 36. Rxe6 d5 37. cxd5 Rxd5 38. Rxd5 Nxd5 39. Be5 Rf7 40. a3 1-0

[Event "Olympiad-42"]
[Site "Baku"]
[Date "2016.09.06"]
[Round "5.2"]
[White "Khan, Taffin"]
[Black "Rowe, Peter"]
[Result "1-0"]
[WhiteElo "1877"]
[BlackElo "1966"]
[PlyCount "115"]
[EventDate "2016.09.02"]
[EventType "team-swiss"]
[EventRounds "11"]
[EventCountry "AZE"]
[SourceTitle "CBM 175"]
[Source "ChessBase"]
[SourceDate "2016.11.10"]
[SourceVersion "1"]
[SourceVersionDate "2016.11.10"]
[SourceQuality "1"]
[WhiteTeam "Guyana"]
[BlackTeam "Guernsey"]
[WhiteTeamCountry "GUY"]
[BlackTeamCountry "GCI"]

1. e4 c5 2. Nc3 Nc6 3. f4 e6 4. Nf3 Nf6 5. g3 d5 6. e5 Nd7 7. Bg2 Be7 8. 0-0 a6 9. Ne2 b5 10. d3 Nb6 11. d4 Qc7 12. Kh1 Bd7 13. b3 Rc8 14. c3 b4 15. Bb2 c4 16. cxb4 Bxb4 17. a3 Be7 18. Nd2 Na5 19. bxc4 Naxc4 20. Nxc4 Nxc4 21. Bc1 Qa5 22. Qe1 0-0 23. f5 f6 24. fxe6 Qxe1 25. Rxe1 Bc6 26. Nf4 fxe5 27. Nxd5 Bxd5 28. Bxd5 exd4 29. Bg5 Rfe8 30. Bxe7 Rxe7 31. Rac1 Nb6 32. Rxc8+ Nxc8 33. Rc1 Na7 34. Rc4 g6 35. a4 Kg7 36. Rxd4 Nc8 37. Bb3 Kf6 38. Kg2 Rc7 39. Rd7 Rc3 40. Rf7+ Ke5 41. Rf3 Rc7 42. Kf2 Nd6 43. Re3+ Kf6 44. g4 g5 45. Ke2 Rb7 46. Kd2 a5 47. Kc2 Ke7 48. Re5 Rc7+ 49. Kd3 Nb7 50. Kd4 h6 51. Re3 Nd8 52. Rh3 Rb7 53. Bc4 Rb4 54. Rxh6 Kd6 55. Kc3 Rxa4 56. Rh8 Ke7 57. Rh7+ Kd6 58. e7 1-0

[Event "EU Small Countries ol 4th"]
[Site "Saint Peter Port"]
[Date "2015.04.22"]
[Round "6.5"]
[White "Rowe, Peter"]
[Black "Forbes, Garry"]
[Result "1-0"]
[WhiteElo "1988"]
[BlackElo "1921"]
[PlyCount "63"]
[EventDate "2015.04.19"]
[EventType "team-tourn"]
[EventRounds "9"]
[EventCountry "GCI"]
[SourceTitle "CBM 166 Extra"]
[Source "ChessBase"]
[SourceDate "2015.06.18"]
[SourceVersion "1"]
[SourceVersionDate "2015.06.18"]
[SourceQuality "1"]
[WhiteTeam "Guernsey"]
[BlackTeam "Jersey"]
[WhiteTeamCountry "GCI"]
[BlackTeamCountry "GCI"]

1. d4 g6 2. Nf3 Bg7 3. Bf4 d6 4. e3 Nd7 5. h3 e5 6. Bh2 Qe7 7. Be2 Ngf6 8. 0-0 0-0 9. c4 Ne4 10. Nbd2 Nxd2 11. Qxd2 e4 12. Ne1 b6 13. Rc1 a5 14. Nc2 Bb7 15. Na3 f5 16. Nb5 Rac8 17. a3 Nb8 18. Rfd1 Rcd8 19. b4 axb4 20. axb4 c6 21. Nc3 c5 22. Nb5 cxd4 23. Nxd4 Be5 24. Qa2 Bxh2+ 25. Kxh2 Bc8 26. c5+ Kg7 27. c6 Rde8 28. Nb5 Rf6 29. Qb2 Kh6 30. c7 Nd7 31. Qd4 Ba6 32. Nxd6 1-0

[Event "Olympiad-41"]
[Site "Tromsoe"]
[Date "2014.08.06"]
[Round "5.2"]
[White "Rowe, Peter"]
[Black "Eichab, Charles Sidney"]
[Result "0-1"]
[WhiteElo "1976"]
[BlackElo "2048"]
[PlyCount "86"]
[EventDate "2014.08.02"]
[EventType "team-swiss"]
[EventRounds "11"]
[EventCountry "NOR"]
[SourceTitle "CBM 162"]
[Source "ChessBase"]
[SourceDate "2014.09.17"]
[SourceVersion "1"]
[SourceVersionDate "2014.09.17"]
[SourceQuality "1"]
[WhiteTeam "Guernsey"]
[BlackTeam "Namibia"]
[WhiteTeamCountry "GCI"]
[BlackTeamCountry "NAM"]

1. d4 Nf6 2. Bf4 c5 3. e3 e6 4. c3 Be7 5. Nf3 b6 6. Bd3 Bb7 7. 0-0 Nh5 8. Bxb8 Qxb8 9. Ne5 Nf6 10. Nd2 0-0 11. Qc2 h6 12. Ne4 Qc7 13. f4 cxd4 14. exd4 Nd5 15. Qd2 f5 16. Ng3 Bd6 17. Rae1 a6 18. Nh5 Nf6 19. Ng3 Nd5 20. Nh5 Nf6 21. Ng3 Rac8 22. Qe2 b5 23. a3 Bd5 24. Nh5 Ne4 25. Nxg7 Kxg7 26. Bxe4 Bxe4 27. Qh5 Bxe5 28. fxe5 Qd8 29. Re3 Qe8 30. Rg3+ Kh7 31. Qh4 Rg8 32. Rf4 Rxg3 33. hxg3 Qg6 34. Qe7+ Qg7 35. Qh4 Qg5 36. Qh3 Rg8 37. Kh2 Rg6 38. b3 Bd5 39. b4 Kg7 40. Rf2 Qe3 41. Rf4 Qe2 42. Rh4 h5 43. Rf4 Rg4 0-1

[Event "Olympiad-41"]
[Site "Tromsoe"]
[Date "2014.08.05"]
[Round "4.2"]
[White "Murara, Maxence"]
[Black "Rowe, Peter"]
[Result "0-1"]
[WhiteElo "1729"]
[BlackElo "1976"]
[PlyCount "52"]
[EventDate "2014.08.02"]
[EventType "team-swiss"]
[EventRounds "11"]
[EventCountry "NOR"]
[SourceTitle "CBM 162"]
[Source "ChessBase"]
[SourceDate "2014.09.17"]
[SourceVersion "1"]
[SourceVersionDate "2014.09.17"]
[SourceQuality "1"]
[WhiteTeam "Rwanda"]
[BlackTeam "Guernsey"]
[WhiteTeamCountry "RWA"]
[BlackTeamCountry "GCI"]

1. d4 Nf6 2. c4 c5 3. e3 e6 4. d5 exd5 5. cxd5 d6 6. Nc3 Be7 7. Nf3 Bf5 8. Bd3 Bg6 9. Qc2 Nbd7 10. h4 Bxd3 11. Qxd3 Ng4 12. e4 Bf6 13. Bg5 a6 14. a4 h6 15. Bf4 Qe7 16. Nh2 Nge5 17. Qg3 g5 18. hxg5 hxg5 19. Bd2 Nc4 20. 0-0-0 Nxd2 21. Kxd2 Be5 22. Qf3 Rxh2 23. Rxh2 Bxh2 24. g3 Ne5 25. Qh5 Qf6 26. Qxh2 Nf3+ 0-1

[Event "EU Small Countries ol 3rd"]
[Site "Monte Carlo"]
[Date "2013.11.29"]
[Round "7"]
[White "Villegas, Pierre"]
[Black "Rowe, Peter"]
[Result "1-0"]
[WhiteElo "2246"]
[BlackElo "1971"]
[PlyCount "59"]
[EventDate "2013.11.25"]
[EventType "team-tourn"]
[EventRounds "9"]
[EventCountry "MNC"]
[SourceTitle "CBM 157 Extra"]
[Source "ChessBase"]
[SourceDate "2013.12.19"]
[SourceVersion "1"]
[SourceVersionDate "2013.12.19"]
[SourceQuality "1"]
[WhiteTeam "Monaco"]
[BlackTeam "Guernsey"]
[WhiteTeamCountry "MNC"]
[BlackTeamCountry "GCI"]

1. d4 d6 2. e4 Nf6 3. f3 Nbd7 4. c4 e5 5. d5 a5 6. Bd3 Be7 7. Be3 b6 8. Ne2 Nc5 9. Bc2 0-0 10. 0-0 Ba6 11. b3 c6 12. dxc6 Qc7 13. a3 Ne6 14. Nbc3 Bd8 15. Qd2 a4 16. Nxa4 Qxc6 17. Nac3 Qd7 18. Rfd1 Bc7 19. Nd5 Nxd5 20. Qxd5 Rfd8 21. Nc3 Rab8 22. a4 Bb7 23. Qd2 Bc6 24. b4 Qe8 25. Nd5 Bxd5 26. cxd5 Nf8 27. Bd3 Rdc8 28. Ba6 Rd8 29. Rdc1 Ra8 30. Bb7 1-0

[Event "EU Small Countries ol 3rd"]
[Site "Monte Carlo"]
[Date "2013.11.28"]
[Round "5"]
[White "Kahn, Tito"]
[Black "Rowe, Peter"]
[Result "1/2-1/2"]
[WhiteElo "1992"]
[BlackElo "1971"]
[PlyCount "29"]
[EventDate "2013.11.25"]
[EventType "team-tourn"]
[EventRounds "9"]
[EventCountry "MNC"]
[SourceTitle "CBM 157 Extra"]
[Source "ChessBase"]
[SourceDate "2013.12.19"]
[SourceVersion "1"]
[SourceVersionDate "2013.12.19"]
[SourceQuality "1"]
[WhiteTeam "Jersey"]
[BlackTeam "Guernsey"]
[WhiteTeamCountry "GCI"]
[BlackTeamCountry "GCI"]

1. d4 d5 2. Nf3 Nf6 3. Bf4 Nbd7 4. e3 g6 5. Nc3 c6 6. Be2 Bg7 7. Ne5 Ne4 8. Nxe4 dxe4 9. Nxd7 Qa5+ 10. c3 Bxd7 11. Qc2 f5 12. a4 e5 13. dxe5 Bxe5 14. Bxe5 Qxe5 15. 0-0 1/2-1/2

[Event "EU Small Countries ol 3rd"]
[Site "Monte Carlo"]
[Date "2013.11.27"]
[Round "4"]
[White "Rowe, Peter"]
[Black "Kobler, Mario"]
[Result "0-1"]
[WhiteElo "1971"]
[BlackElo "2092"]
[PlyCount "158"]
[EventDate "2013.11.25"]
[EventType "team-tourn"]
[EventRounds "9"]
[EventCountry "MNC"]
[SourceTitle "CBM 157 Extra"]
[Source "ChessBase"]
[SourceDate "2013.12.19"]
[SourceVersion "1"]
[SourceVersionDate "2013.12.19"]
[SourceQuality "1"]
[WhiteTeam "Guernsey"]
[BlackTeam "Liechenstein"]
[WhiteTeamCountry "GCI"]
[BlackTeamCountry "LIE"]

1. d4 Nf6 2. Bf4 d6 3. Nf3 b6 4. e3 g6 5. Be2 Bg7 6. h3 Bb7 7. 0-0 c5 8. c3 0-0 9. Nbd2 Nbd7 10. a4 a6 11. Qb3 Rb8 12. Rfc1 b5 13. Qc2 Qb6 14. c4 cxd4 15. exd4 Rbc8 16. Qb3 bxc4 17. Bxc4 Rb8 18. Qa2 Qb4 19. Re1 Nb6 20. b3 Nbd5 21. Bg5 h6 22. Bh4 g5 23. Bg3 Nh5 24. Bh2 Nhf4 25. Rad1 Nc3 26. Qc2 Nxd1 27. Qxd1 e5 28. dxe5 dxe5 29. Nxe5 Rbd8 30. Bxf4 gxf4 31. Nxf7 Rxf7 32. Qh5 Qf8 33. Ne4 Bxe4 34. Rxe4 Rd4 35. Rxd4 Bxd4 36. Bxf7+ Qxf7 37. Qxh6 Qf6 38. Qh5 Bc3 39. Qd5+ Kf8 40. Qc5+ Kg7 41. Qd5 a5 42. Qd7+ Kh6 43. Qg4 Bb4 44. Qf3 Qa1+ 45. Kh2 Qe5 46. Qc6+ Bd6 47. Qf3 Kg5 48. Kg1 Kf6 49. h4 Ke6 50. h5 Kf6 51. g4 Kg5 52. Kg2 Qe6 53. Kh3 Bc5 54. Kg2 Qxg4+ 55. Qxg4+ Kxg4 56. h6 f3+ 57. Kh2 Bd6+ 58. Kg1 Be5 59. Kf1 Kh5 60. h7 Kh6 61. Ke1 Bc3+ 62. Kd1 Kxh7 63. Kc2 Be1 64. Kd3 Bxf2 65. Ke4 Bc5 66. Kxf3 Kg6 67. Ke4 Kf6 68. Kd5 Bb4 69. Ke4 Ke6 70. Kd4 Kf5 71. Kd5 Be1 72. Kd4 Kf4 73. Kd3 Kf3 74. Kd4 Ke2 75. Kc4 Kd1 76. Kd3 Kc1 77. Ke2 Bb4 78. Kd3 Kb2 79. Kc4 Be1 0-1

[Event "EU Small Countries ol 3rd"]
[Site "Monte Carlo"]
[Date "2013.11.25"]
[Round "1"]
[White "Rowe, Peter"]
[Black "De la Riva Aguado, Oscar"]
[Result "0-1"]
[WhiteElo "1971"]
[BlackElo "2531"]
[PlyCount "82"]
[EventDate "2013.11.25"]
[EventType "team-tourn"]
[EventRounds "9"]
[EventCountry "MNC"]
[SourceTitle "CBM 157 Extra"]
[Source "ChessBase"]
[SourceDate "2013.12.19"]
[SourceVersion "1"]
[SourceVersionDate "2013.12.19"]
[SourceQuality "1"]
[WhiteTeam "Guernsey"]
[BlackTeam "Andorra"]
[WhiteTeamCountry "GCI"]
[BlackTeamCountry "AND"]

1. d4 g6 2. Nf3 Bg7 3. Bf4 d6 4. e3 Nd7 5. c3 e5 6. dxe5 dxe5 7. Bg3 Qe7 8. Be2 Ngf6 9. h3 0-0 10. 0-0 e4 11. Nd4 Ne5 12. Nd2 c5 13. N4b3 Rd8 14. Qc2 Bf5 15. Rad1 Nf3+ 16. Kh1 Nh5 17. Qc1 Nxg3+ 18. fxg3 Qe5 19. Bxf3 exf3 20. Rxf3 Bd3 21. Re1 Rd7 22. a4 Rad8 23. a5 Bb5 24. Kh2 h5 25. h4 Bh6 26. c4 Bc6 27. Rf2 Rd3 28. Rfe2 Qd6 29. Qc2 Ba4 30. Ne4 Bxb3 31. Nxd6 Bxc2 32. Nxb7 Bd1 33. Nxd8 Rxd8 34. Rf2 Bg7 35. e4 Bd4 36. Rff1 Bb3 37. Rc1 Rb8 38. Rf3 Rb4 39. Rcf1 Bxc4 40. Rc1 Bxb2 41. Rc2 Bd4 0-1

[Event "Guernsey op"]
[Site "Guernsey"]
[Date "2013.10.23"]
[Round "4"]
[White "Murray, Stephen"]
[Black "Rowe, Peter"]
[Result "0-1"]
[WhiteElo "1844"]
[BlackElo "1971"]
[PlyCount "108"]
[EventDate "2013.10.20"]
[EventType "swiss"]
[EventRounds "7"]
[EventCountry "GCI"]
[SourceTitle "CBM 157 Extra"]
[Source "ChessBase"]
[SourceDate "2013.12.19"]
[SourceVersion "1"]
[SourceVersionDate "2013.12.19"]
[SourceQuality "1"]

1. e4 d6 2. d4 Nf6 3. Nc3 Nbd7 4. Nf3 e5 5. Bc4 Be7 6. Ng5 0-0 7. Bxf7+ Rxf7 8. Ne6 Qe8 9. Nxc7 Qd8 10. Nxa8 b5 11. f3 b4 12. Nb5 a6 13. Nbc7 Bb7 14. Ne6 Qxa8 15. d5 Nc5 16. Nxc5 dxc5 17. Be3 Qc8 18. 0-0 a5 19. Qd2 Bd6 20. c3 Ba6 21. Rfc1 Qf8 22. cxb4 axb4 23. a3 b3 24. Qa5 Bd3 25. Bxc5 Nxe4 26. Bxd6 Nxd6 27. Qc3 Bc2 28. Qxe5 Nc4 29. Qd4 Rf4 30. Qf2 Qf6 31. Rxc2 bxc2 32. Qxc2 Qd4+ 33. Kh1 Qxb2 34. Qxb2 Nxb2 35. Rb1 Rd4 36. h3 Nd3 37. Rb5 Kf7 38. Kh2 Nf4 39. Rb7+ Kf6 40. Kg3 Ng6 41. Ra7 Rxd5 42. a4 Rd4 43. a5 Ra4 44. a6 Ne7 45. Ra8 Kf7 46. f4 Kg6 47. Kf3 Nd5 48. Rd8 Ra3+ 49. Ke4 Nf6+ 50. Ke5 Ra5+ 51. Kd4 Rxa6 52. g4 h6 53. Rc8 Ra4+ 54. Ke5 Re4+ 0-1

[Event "Guernsey op"]
[Site "Guernsey"]
[Date "2013.10.22"]
[Round "3"]
[White "Rowe, Peter"]
[Black "Taylor, Mark V"]
[Result "0-1"]
[WhiteElo "1971"]
[BlackElo "2087"]
[PlyCount "90"]
[EventDate "2013.10.20"]
[EventType "swiss"]
[EventRounds "7"]
[EventCountry "GCI"]
[SourceTitle "CBM 157 Extra"]
[Source "ChessBase"]
[SourceDate "2013.12.19"]
[SourceVersion "1"]
[SourceVersionDate "2013.12.19"]
[SourceQuality "1"]

1. d4 d6 2. Nf3 f5 3. Bf4 Nf6 4. h3 g6 5. e3 Bg7 6. Nbd2 0-0 7. Bd3 Nc6 8. 0-0 Kh8 9. a3 Qe8 10. Be2 a5 11. Bh2 Bd7 12. Bb5 Nxd4 13. Nxd4 Bxb5 14. Ne6 Bxf1 15. Qxf1 Qd7 16. Nxf8 Rxf8 17. Qc4 b6 18. Nf3 b5 19. Qd3 e5 20. Qd2 a4 21. Rd1 Qc6 22. Qe2 Ne4 23. c3 Rb8 24. Qc2 Qc4 25. Ne1 Nc5 26. Bg3 Bf6 27. Nf3 Ne4 28. Bh2 Kg7 29. Ne1 Nc5 30. Nf3 Nb3 31. Ne1 e4 32. g4 Nc5 33. Bg3 Nd7 34. Kg2 Rf8 35. Qd2 fxg4 36. hxg4 Ne5 37. Bxe5 Bxe5 38. Nc2 Qe6 39. Qe2 Rf3 40. Rg1 Qxg4+ 41. Kf1 Qd7 42. c4 bxc4 43. Qxc4 d5 44. Qb4 Rf8 45. Nd4 c5 0-1

[Event "Guernsey op"]
[Site "Guernsey"]
[Date "2013.10.21"]
[Round "2"]
[White "Minnican, Alan William"]
[Black "Rowe, Peter"]
[Result "1/2-1/2"]
[WhiteElo "2135"]
[BlackElo "1971"]
[PlyCount "64"]
[EventDate "2013.10.20"]
[EventType "swiss"]
[EventRounds "7"]
[EventCountry "GCI"]
[SourceTitle "CBM 157 Extra"]
[Source "ChessBase"]
[SourceDate "2013.12.19"]
[SourceVersion "1"]
[SourceVersionDate "2013.12.19"]
[SourceQuality "1"]

1. Nf3 g6 2. e4 Bg7 3. d4 d6 4. Nc3 Nd7 5. Be3 Ngf6 6. h3 e5 7. Qd2 0-0 8. 0-0-0 a6 9. Bh6 exd4 10. Nxd4 Nc5 11. Bxg7 Kxg7 12. f3 Qe7 13. g4 Re8 14. h4 h5 15. g5 Ng8 16. Nd5 Qd8 17. Qc3 Kh7 18. Bd3 c6 19. Nf4 Qe7 20. Bc4 Ne6 21. Ndxe6 Bxe6 22. Bxe6 fxe6 23. e5 d5 24. Qd3 Qf7 25. Nxh5 Qf5 26. Nf6+ Nxf6 27. gxf6 Qxe5 28. h5 Qxf6 29. hxg6+ Kg8 30. g7 Kf7 31. Rdg1 Rg8 32. Rh7 Qf5 1/2-1/2

[Event "Guernsey op 38th"]
[Site "Guernsey"]
[Date "2012.10.27"]
[Round "7"]
[White "Hickman, John"]
[Black "Rowe, Peter"]
[Result "1-0"]
[WhiteElo "1918"]
[BlackElo "1986"]
[PlyCount "73"]
[EventDate "2012.10.21"]
[EventType "swiss"]
[EventRounds "7"]
[EventCountry "GCI"]
[SourceTitle "EXT 2013"]
[Source "ChessBase"]
[SourceDate "2012.11.22"]
[SourceVersion "1"]
[SourceVersionDate "2012.11.22"]
[SourceQuality "1"]

1. e4 d6 2. d4 Nf6 3. Nc3 Nbd7 4. Nf3 e5 5. Bc4 Be7 6. 0-0 0-0 7. a4 a5 8. Qe2 c6 9. h3 exd4 10. Nxd4 Nxe4 11. Qxe4 d5 12. Nxd5 cxd5 13. Qxd5 Nb6 14. Qb5 Qxd4 15. Bxf7+ Rxf7 16. Be3 Bd7 17. Bxd4 Bxb5 18. axb5 Nd7 19. Rfd1 Bf6 20. Bxf6 Nxf6 21. Ra4 Rc7 22. c4 Rac8 23. b3 Ra8 24. Rc1 Nd7 25. b4 b6 26. c5 bxc5 27. bxa5 Rb7 28. Rb1 Nb6 29. Raa1 Rba7 30. a6 c4 31. Rd1 Rd7 32. Rxd7 Nxd7 33. Rd1 Nb6 34. Rd6 Rc8 35. Rxb6 c3 36. a7 c2 37. Rc6 1-0

[Event "Guernsey op 38th"]
[Site "Guernsey"]
[Date "2012.10.26"]
[Round "6"]
[White "Rowe, Peter"]
[Black "Murray, John Stephen"]
[Result "1-0"]
[WhiteElo "1986"]
[BlackElo "1858"]
[PlyCount "55"]
[EventDate "2012.10.21"]
[EventType "swiss"]
[EventRounds "7"]
[EventCountry "GCI"]
[SourceTitle "EXT 2013"]
[Source "ChessBase"]
[SourceDate "2012.11.22"]
[SourceVersion "1"]
[SourceVersionDate "2012.11.22"]
[SourceQuality "1"]

1. d4 Nf6 2. Nf3 e6 3. Bf4 c5 4. e3 b6 5. Bd3 Bb7 6. c3 Be7 7. h3 d6 8. 0-0 0-0 9. Qe2 Nbd7 10. e4 Re8 11. Bh2 Bf8 12. Nbd2 cxd4 13. cxd4 e5 14. dxe5 Nxe5 15. Nxe5 dxe5 16. Rfd1 Rc8 17. Bb5 Re7 18. Nc4 Qc7 19. Nd6 Rd8 20. Nxb7 Rxd1+ 21. Rxd1 Qxb7 22. f3 Qc7 23. b4 g6 24. Qd2 h6 25. Rc1 Qb7 26. Qd8 Kg7 27. Rc8 Nh7 28. Rb8 1-0